bbno$ - "bbno$" track list - Statistics

General Stats
  • This quiz has been taken 17 times
  • The average score is 14 of 21
Answer Stats
Answer % Correct
it boy
85%
bag TF up
77%
check
77%
gigolo
77%
NSFW
77%
two
77%
1-800
69%
bing bong
69%
eat slay love
69%
estrella
69%
hot topic
69%
come to brazil
62%
F.U.N.K.
62%
pump it
62%
yezzir
62%
boom
54%
finally up
54%
main squeeze
54%
rich sexy ugly
54%
ADD
46%
like this like that
46%
No matching quizzes found
Score Distribution
Percent of People with Each Score
Percentile by Number Answered
Your Score History
You have not taken this quiz